000 00554nam a2200229Ia 4500
003 OSt
005 20220924142055.0
006 a|||||r|||| 00| 0
007 ta
008 220923b |||||||| |||| 00| 0 ben d
024 _a300271
037 _cTextual
040 _aARTS
_cARTS
_bben
041 _2ben
_aben
082 _aU8.297.M98, 157L8
100 _aRamananda
_9212865
245 0 _aHimaranya
260 _c1978
650 _aGEOGRAPHY
942 _hU8.297.M98, 157L8
_cTEXL
_2CC
999 _c449160
_d449160